000 00763nam a2200217Ia 4500
005 20220202145445.0
008 210716s2017 xx 000 0 und d
020 _a9788131533352
040 _cAIMIT LIBRARY
041 _aeng
082 _a658.4
_211
_bGRIR
100 _aGriffin, Ricky W.
_915901
245 _aOrganizational behavior:
_bmanaging people and organizations /
_cBy Ricky W. Griffin and Gregory Moorhead.
250 _a11th ed.
260 _aNew Delhi :
_bCengage Learning India Pvt Ltd ;
_c2017.
300 _aXxv, 598p. ;
_c25.5 cm.
650 _aInterpersonal processes in organizations
_915902
650 _aOrganizational processes and characteristics
_915903
700 _aMoorhead, Gregory.
_915904
942 _2ddc
_cBK
_e11th
_k658.4 GRIR
999 _c210276
_d210276